Land vs. Land #106 - Statistiken

Allgemein
  • Dieses Quiz wurde 19 mal gespielt
  • Das Durchschnittsergebnis liegt bei 12 aus 14
Antwortstatistiken
Frage Antwort % Korrekt
...Bruttoinlandsprodukt? Italien🇮🇹
100%
...Tourismus? Italien🇮🇹
100%
...Gesundheitswesen? Italien🇮🇹
100%
...Lebenserwartung? Italien🇮🇹
100%
...Exportmengen? Italien🇮🇹
100%
...Gewinner? Italien🇮🇹
100%
...Fläche? Italien🇮🇹
94%
...Einwohner? Italien🇮🇹
94%
...Militär? Italien🇮🇹
94%
...HDI (Human Development Index)? Italien🇮🇹
94%
...Happy Planet Index? Italien🇮🇹
94%
...Bruttoinlandsprodukt pro Kopf? Italien🇮🇹
88%
...durchschnittlicher IQ? Bulgarien🇧🇬
13%
...Frieden? Bulgarien🇧🇬
6%
Keine übereinstimmenden Quizze gefunden
Verteilung der Resultate
Anzahl Personen mit jedem Resultat
Perzentil nach korrekt beantworteten Fragen
Ihre Resultats-Entwicklung
Sie haben dieses Quiz noch nicht gespielt